[Event "IECC M email"]
[Site "IECC email"]
[Date "2002.02.05"]
[Round "?"]
[White "Grosemans, Paul"]
[Black "Karthik, Raghavendra"]
[Result "1-0"]
[WhiteElo "1632"]
[BlackElo "1491"]
[PlyCount "35"]
[EventDate "2002.??.??"]
[EventType "tourn (corr)"]
[EventRounds "6"]
[SourceTitle "Corr 2008"]
[Source "ChessBase"]
[SourceDate "2008.06.24"]
[SourceVersion "1"]
[SourceVersionDate "2008.06.24"]
[SourceQuality "1"]

1. d4 Nf6 2. Nc3 e6 3. e4 d5 4. f3 c5 5. Be3 Qb6 6. Na4 Qb4+ 7. c3 Qa5 8. e5 Nfd7 9. Nxc5 Nxc5 10. b4 Qa3 11. bxc5 Qxc3+ 12. Kf2 Qa5 13. a4 Be7 14. Bd3 0-0 15. Ne2 Nc6 16. h4 b6 17. Bd2 Nb4 18. Bxh7+ 1-0

[Event "IECC Swiss email"]
[Site "IECC email"]
[Date "2001.10.28"]
[Round "?"]
[White "Chadwick, Charles"]
[Black "Karthik, Raghavendra"]
[Result "1-0"]
[WhiteElo "1899"]
[BlackElo "1541"]
[PlyCount "71"]
[EventDate "2001.??.??"]
[EventType "tourn (corr)"]
[EventRounds "6"]
[SourceTitle "Corr 2008"]
[Source "ChessBase"]
[SourceDate "2008.06.24"]
[SourceVersion "1"]
[SourceVersionDate "2008.06.24"]
[SourceQuality "1"]

1. d4 Nf6 2. Nf3 g6 3. Nc3 d5 4. Bf4 c6 5. e3 Bg7 6. Be2 0-0 7. h4 Bg4 8. Ne5 Bxe2 9. Qxe2 a5 10. g4 Ne4 11. Nxe4 dxe4 12. h5 f6 13. Nxg6 hxg6 14. hxg6 Qe8 15. Qc4+ e6 16. Bd6 b5 17. Qc5 Qxg6 18. Bxf8 Bxf8 19. Rh8+ Kxh8 20. Qxf8+ Qg8 21. Qxf6+ Qg7 22. Qxe6 Nd7 23. 0-0-0 Nf6 24. Rh1+ Nh7 25. Qxe4 Qd7 26. g5 Kg8 27. Qg6+ Kh8 28. f4 Ra7 29. Rh6 Qe7 30. e4 Rc7 31. e5 Qf8 32. f5 Rg7 33. Qf6 Qxf6 34. gxf6 Rg5 35. e6 Rg4 36. f7 1-0

[Event "IECC M email"]
[Site "IECC email"]
[Date "2001.03.29"]
[Round "?"]
[White "Athens, Jim"]
[Black "Karthik, Raghavendra"]
[Result "0-1"]
[WhiteElo "1623"]
[BlackElo "1617"]
[PlyCount "38"]
[EventDate "2001.??.??"]
[EventType "tourn (corr)"]
[EventRounds "6"]
[SourceTitle "Corr 2008"]
[Source "ChessBase"]
[SourceDate "2008.06.24"]
[SourceVersion "1"]
[SourceVersionDate "2008.06.24"]
[SourceQuality "1"]

1. Nf3 Nf6 2. d4 d5 3. c4 c5 4. cxd5 cxd4 5. Nxd4 a6 6. e3 Nxd5 7. Bc4 Nb6 8. Bb3 e5 9. Qf3 Qe7 10. Nf5 Qf6 11. e4 Bc5 12. Qg3 Bxf5 13. Bg5 Qg6 14. exf5 Qxf5 15. Nc3 Nc6 16. 0-0 0-0 17. Rfe1 Bd4 18. Rac1 Qg6 19. Qe3 Bxe3 0-1